Loading...

Archaeology : The Key concepts /

Bibliografiske detaljer
Format: Printed Book
Sprog:English
Udgivet: USA Routledge, 2005.
Udgivelse:1st ed.
Serier:Routledge key guides
Fag:
LEADER 00602nam a22001697a 4500
008 180407b xxu||||| |||| 00| 0 eng d
999 |c 21998  |d 21998 
020 |a 9780415317580 
082 |a 930.1  |b REN 
245 |a Archaeology :  |b The Key concepts /  |c edited by Colin Renfrew 
250 |a 1st ed. 
260 |a USA  |b Routledge,  |c 2005. 
300 |a 298p. 
440 |a Routledge key guides 
650 |a Key ideas in archaelogy 
942 |2 ddc  |c BK 
952 |0 0  |1 0  |2 ddc  |4 0  |6 930_100000000000000_REN  |7 0  |9 30514  |a MAIN  |b MAIN  |d 2018-04-07  |e Current Books  |g 1699.60  |l 1  |o 930.1 REN  |p 29985  |r 2019-10-23  |s 2019-10-05  |t 1  |w 2018-04-07  |y BK